000 00861nas a2200265 4500
001 BR9207832
003 BR-BrBNA
005 20231205093040.0
007 ta
008 230509b bl.|||p| |||| 00| 00por d
040 _aBR-BrBNA
_bpor
_cBiblioteca Nacional de Agricultura
041 _a(Pt)
072 _aH01
100 1 _aPalladini, L.A.
100 1 _aMatuo, T.
245 1 _aEfeito de condicoes operacionais de um turboatomizador na cobertura de folhas de citros
246 1 _aEffect of operating conditions of an air carried sprayer on the citrus leaf coverage
650 _aFRUTA CITRICA
650 _aFOLHA
650 _aPULVERIZACAO
650 _aDEFENSIVO
773 0 _tSumma Phytopathologica (Brazil)
_xISSN 0100-5405
_g(Jul-Dec 1991), v. 17(3-4) p. 257-271
_wBR9207832
909 _a202311
_bLúcia
_c55
_dLúcia Elande
942 _2AGRIS
_n0
_cANA
999 _c135883
_d135883